MARC

LEADER 00000nmm0a2200000 4500
001 157369
005 20231031153732.0
010 |a 9780194800372 
010 |a 978-0-19-4800280 
035 |a (RuTPU)RU\TPU\book\170694 
090 |a 157369 
100 |a 20090407d2008 m y0rusy50 ca 
101 0 |a eng 
102 |a US 
105 |a a j 000zy 
200 1 |a FCE Result  |e Teacher's Pack  |f D. Baker 
210 |a New York  |c Oxford University Press  |d 2008 
215 |a 136 p.  |c il.  |e CD-ROM, 2 пособия 
610 1 |a лексика 
610 1 |a грамматика 
610 1 |a разговорная лексика 
610 1 |a упражнения 
610 1 |a CD-ROM 
610 1 |a сертификаты 
686 |a Ш143.21-923  |v LBC/SL-A  |2 rubbk 
700 1 |a Baker  |b D.  |g David 
801 1 |a RU  |b 63413507  |c 20090407  |g PSBO 
801 2 |a RU  |b 63413507  |c 20200525  |g PSBO 
942 |c MX